000 00384nam a2200157Ia 4500
008 210716s1995 xx 000 0 und d
020 _a0471580716
041 _aeng
082 _a658.802 COHW
100 _aCohen, William A.
245 _aMarketing plan.
250 _a1
260 _aNew York
_bJohn Willy & Sons,Inc.
_c1995
300 _axii,318
650 _aMarketing Planning
999 _c200991
_d200991